[Event "EU-Cup 22nd"]
[Site "Fuegen"]
[Date "2006.10.14"]
[Round "7.4"]
[White "Grischuk, Alexander"]
[Black "Babula, Vlastimil"]
[Result "1/2-1/2"]
[WhiteElo "2710"]
[BlackElo "2584"]
[Annotator "Babula,V"]
[PlyCount "151"]
[EventDate "2006.10.08"]
[EventType "team-swiss"]
[EventRounds "7"]
[EventCountry "AUT"]
[SourceTitle "CBM 115"]
[Source "ChessBase"]
[SourceDate "2006.11.15"]
[SourceVersion "1"]
[SourceVersionDate "2006.11.15"]
[SourceQuality "1"]
[WhiteTeam "Ural Sverdlovskaya"]
[BlackTeam "Werder Bremen"]
[WhiteTeamCountry "RUS"]
[BlackTeamCountry "GER"]

1. d4 Nf6 2. c4 e6 3. Nf3 Bb4+ 4. Nbd2 O-O ({The most frequent continuation is
} 4... b6 5. a3 Bxd2+) 5. a3 Be7 6. e4 d5 {The idea of Black's setup is to
exploit somewhat awkward position of White's Nd2.} 7. e5 {This move gains
space in the centre.} ({Other options are} 7. Qc2) ({and} 7. Bd3) 7... Nfd7 8.
b4 {And that move gains space on the queenside.} ({Other line goes} 8. Bd3 c5
9. cxd5 exd5 10. O-O Nc6 11. Re1) 8... a5 9. b5 {The b5 pawn wedge seriously
limits development of Black's queenside minor pieces.} c5 10. Bb2 b6 {[%csl
Rc6] Black prepares a fianchetto of his Bc8, but in the same time the last
move weakens the c6 square what White can exploit in the future.} ({In the
following example Black tried to do without this weakening:} 10... cxd4 11. Be2
Nc5 12. Bxd4 Nbd7 13. a4 Nb6 14. Qc2 Nxc4 15. Bxc4 dxc4 16. Nxc4 b6 17. Rd1 Qc7
18. Nd6 Bb7 19. Bxc5 Bd5 20. Nd4 bxc5 21. N4f5 Bg5 22. O-O c4 23. Qc3 f6 24. f4
Bh6 25. Qe3 fxe5 26. b6 Qd7 27. Qxe5 Rad8 28. Rfe1 Kh8 29. Rxd5 exd5 30. Nxh6
c3 31. b7 c2 32. Ndf7+ {1-0 Bareev,E (2688)-Bocharov,D (2574)/Kazan 2005/CBM
109}) 11. a4 {Ivanchuk's move, the last word of theory. White connects his
queenside pawns and prevents the move a5-a4 which could sometimes give Black
counterplay.} ({But interesting is also the older continuation} 11. cxd5 $5
exd5 12. Bd3) 11... Bb7 {A logical novelty.} ({The first game with 11.a4
continued} 11... Re8 12. Bd3 Bb7 13. cxd5 Bxd5 14. Qc2 Nf8 15. dxc5 Bxc5 16.
Be4 Nbd7 17. Bxd5 exd5 18. O-O $14 {1-0 Ivanchuk,V (2752)-Moiseenko,A (2664)/
Edmonton 2005/CBM 107 ext (56)}) 12. Be2 (12. Bd3 $5) 12... cxd4 {[%cal Yd7c5,
Yb8d7] Black frees the c5 square for his knight.} ({Other way how to finish
the deployment of Nb8 is} 12... Re8 {[%cal Yd7f8,Yb8d7]}) 13. O-O (13. Nxd4 $2
Nxe5 14. Nxe6 fxe6 15. Bxe5 Nd7 $17) 13... d3 {This wins a tempo for the move
Nd7-c5.} ({Weaker is} 13... Nc5 $6 14. Nxd4 $14 Nbd7 $6 15. Nc6 $1) 14. Bxd3
Nc5 15. Bc2 {Here is the bishop more active.} Nbd7 16. Re1 {White covers the
e5 wedge and thus prepares the move Nf3-d4.} (16. Nd4 $6 Nxe5) 16... Rc8 (16...
Qc7 {doesn't prevent it:} 17. Nd4 $1 Nxe5 $140 18. Nxe6 fxe6 (18... Nxe6 19.
cxd5 Bxd5 20. Bxe5 $14) 19. Bxe5 Bd6 20. Qh5 h6 (20... g6 $2 21. Bxd6 Qxd6 22.
Bxg6) 21. Bxd6 Qxd6 22. Qg6 $14) 17. Nd4 $14 {From here the knight points at
the weak c6 square. White's position is slightly better as he enjoys space
advantage.} g6 {Black limits White's Bc2.} (17... Bg5 18. Ra3 $5 {[%cal Ya3h3]}
) 18. Qg4 Bg5 {Black would like to exchange some pieces to simplify the
defence.} 19. N2f3 (19. f4 $5) 19... Bh6 20. Nc6 $5 {A direct attempt to break
Black's position which leads to interesting complications.} (20. cxd5 Bxd5 $14)
20... Bxc6 21. bxc6 Nb8 ({Of course not} 21... Rxc6 $2 22. cxd5 exd5 23. Nd4 (
23. Rad1 $16 Ne6 24. Bb3) 23... Rc8 24. Nf5 $5 $16 (24. e6 fxe6 25. Nxe6 $16))
22. Rad1 {White's idea is obvious now, he wants to make Black capture on d5
with e pawn and then to realize the e5-e6 advance to open the a1-h8 diagonal.}
({But deserves attention also} 22. cxd5 $5 Qxd5 (22... exd5 $2 23. e6 $16) 23.
Qh4 (23. Rad1 $6 Qa2) 23... Bg7 (23... Kg7 $2 24. Red1 Qxc6 25. Nd4 Qb7 26. Ra3
$18 {[%csl Rh6][%cal Ya3h3]}) 24. Bc1 $5 (24. Ng5 $6 h6 25. Ne4 Nxe4 (25...
Nxc6 $2 26. Red1 $18) 26. Bxe4 Qd2 $132 27. Ba3 Rfd8) 24... Qxc6 25. Ng5 h6 26.
Nf3 $40) 22... Nxc6 ({Weaker is} 22... Bg7 $6 23. cxd5 (23. Nd4 Nxc6 24. Nxc6
Rxc6 25. Qf3 $14) 23... exd5 24. Nd4 (24. e6 $2 fxe6) 24... Nxc6 25. Nxc6 (25.
Nf5 $4 gxf5 26. Qxf5 Qh4) 25... Rxc6 26. Qf3 $14) 23. cxd5 exd5 24. e6 {
[%cal Gb2h8]} f5 $2 {A mistake in time-trouble, this move leaves White the
strong e6 passed pawn.} ({Clearly bad are these moves:} 24... fxe6 $2 25. Bxg6
$18) (24... Nxe6 $2 25. Bf5 $5 $16 (25. Rxe6 fxe6 26. Bxg6 Rf6 $16)) (24... f6
$2 25. Bxg6 $18 hxg6 26. Qxg6+ Bg7 27. Ng5 Re8 28. Qf7+ Kh8 29. Re3) ({The
correct solution is} 24... Bg7 $142 $1 $13 {, for example} 25. exf7+ Rxf7 26.
Rxd5 Qxd5 27. Qxc8+ Rf8 28. Re8 Nb4 $11) 25. Qg3 $2 {An error in time-trouble
as well.} ({Much better is} 25. Qh3 $142 $1 Bg7 {and now} 26. Bb3 $3 (26. e7 $2
Nxe7 27. Bxg7 Kxg7 28. Ng5 h6) 26... Qe7 (26... Nxb3 $6 27. e7 Nxe7 28. Ng5 $18
{[%csl Ge6]}) (26... Bxb2 27. Rxd5 Qf6 28. e7 Kh8 (28... Nxb3 $6 29. Ng5 $1 (
29. exf8=Q+ $2 Kxf8) 29... Qxg5 30. Qxb3 $18) 29. exf8=Q+ Rxf8 30. Bc4 $16) 27.
Bxg7 Kxg7 28. Bxd5 $16) 25... Ne4 (25... Bg7 $2 26. Bxg7 Kxg7 27. e7 Nxe7 28.
Qe5+ $18) 26. Bxe4 fxe4 27. Ne5 $1 ({Of course not} 27. Rxe4 $2 dxe4 28. Rxd8
Rcxd8 29. Ne1 Rd1 $17) 27... Bg7 $8 (27... Bf4 $2 {loses nicely due to} 28. Nf7
$1 $18 Bxg3 29. Nh6#) 28. Rxe4 $5 (28. Nf7 Qe7 29. Bxg7 Kxg7 30. Nd6 Rcd8 (
30... Qxe6 $6 31. Nxc8 Rxc8 32. Qb3 Nb4 33. f3 $14) 31. Rxd5 Qxe6 $11) 28...
dxe4 $2 {A mistake, I underestimated White's 30th move.} ({Bad is also} 28...
Qe8 $2 29. Ree1 Nb4 (29... Qxe6 $2 30. Nc4) 30. e7 $1 Rf5 31. Qb3 $16 Bxe5 32.
Bxe5 Qxe7 33. Ba1 {[%cal Ga1h8]}) ({The accurate defence is} 28... Nxe5 $142 $1
29. Rxe5 (29. Bxe5 $4 dxe4) 29... Qe7 30. Qe3 $5 (30. Ba3 $2 Bxe5) 30... Rfe8
31. Rdxd5 (31. Ba3 $6 d4 $1 32. Rxd4 $2 Bxe5 33. Bxe7 Bxd4) 31... Qb4 $13) 29.
Rxd8 Rfxd8 30. Qb3 $3 {[%cal Gb3g8] An excellent move, everything works for
White now.} ({After weaker} 30. h4 $2 {White has only small adventage:} Bxe5 (
30... Re8 $2 31. Nxg6 $1 hxg6 (31... Bxb2 32. Ne5+ Kf8 33. Qf4+ Ke7 34. Qf7+
Kd6 35. Nc4+ $18) 32. Qxg6 Re7 33. Bf6 $1 $18) 31. Bxe5 Re8 (31... Nxe5 $2 32.
Qxe5 $16) 32. Bb2 $5 Rxe6 33. Qc3 Kf7 34. Qg7+ Ke8 35. Qxh7 $14) 30... Ne7 $6 {
It loses.} ({The only way to offer resistance is} 30... Nd4 $142 31. Qa2 Bxe5 (
31... Ne2+ $2 32. Kf1 Nc1 33. Bxc1 Rxc1+ 34. Ke2 $18) (31... Rd6 $2 32. e7+ Ne6
(32... Re6 33. Qd5 Bxe5 34. Qd7 $18) 33. g4 (33. h3 $2 Re8 $13 34. Ba3 $4 Rd1+
35. Kh2 Bxe5+) 33... Bxe5 (33... Re8 $6 34. Ba3 $18) 34. Bxe5 Rd1+ 35. Kg2 Kf7
36. Qb3 $18) 32. e7+ Kg7 33. exd8=Q Rxd8 $16) 31. h3 $2 ({But White suddenly
misses simple} 31. Nd7 $142 $1 $18 {, for example} Rc6 32. h4 Bxb2 33. Qxb2
Rxe6 34. Qa2 Kf7 35. Ne5+ Kf6 36. Ng4+ Kf7 37. Nh6+ Kf6 38. Qb2+) 31... Rd2 $2
{It looks well, but in fact it is premature.} (31... Bxe5 $142 32. Bxe5 Rc6 $11
) 32. Nc4 $2 {Errors continue.} (32. Bc3 $2 Rd5) (32. Qxb6 $142 $1 $16 e3 33.
fxe3 Rcc2 34. Qb8+ Bf8 35. Nd7 Rxg2+ 36. Kh1) 32... Rxc4 $1 33. Qxc4 (33. Bxg7
$2 Rc1+ 34. Kh2 Kxg7 $19) 33... Bxb2 34. Qxe4 Rd6 $2 {The final mistake in the
time-trouble.} ({After} 34... Kg7 $15 35. Qb7 (35. Qf4 Rd1+ 36. Kh2 Bf6 37. Qb8
Rd2 $1) 35... Bf6 36. Qxb6 Bd4) ({or} 34... Rd1+ 35. Kh2 Rd6 $15 36. Qf3 $140
$2 Be5+ {there would be a difficult defence for White to hold the game, if
possible at all.}) 35. Qf3 $1 {And White wins Black's Bb2.} Rxe6 36. Qb3 Kf7
37. Qxb2 h5 $16 38. Qb3 Kf6 39. g3 Rd6 40. Kg2 Re6 41. Qc3+ Kf7 42. Qc4 Kf6 43.
Qf4+ Kg7 44. g4 $2 {I can't be sure, but I think that this move is a serious
mistake. It was better to make f2-f3 first and just then g3-g4, hxg4, fxg4
with intention to create the h passed pawn afterwards. I think that White
should win then, at least he would have more chances than in the game.} hxg4
45. hxg4 Rc6 $14 {It seems to me that Black's position is a fortress now. I
didn't find the way how to break it.} 46. Kg3 Kg8 47. f3 Kg7 48. Qd4+ Kf7 49.
f4 Kf8 50. Qh8+ Kf7 51. Kf3 Re6 52. Qd4 Kf8 53. Qc4 Rc6 54. Qb3 Rf6 55. Ke4 Kg7
56. Qb2 Kf7 57. Qd4 Re6+ 58. Kd3 Rc6 {Black can't allow White's king to
penetrate into his position over b5.} 59. Qh8 Rf6 60. Qh7+ Ke8 {I decided to
put my king here rather than to f8 as from here he takes the d7 square under
control and thus doesn't allow White's king to get there.} 61. Qh6 ({It is
necessary to think schematic in such endings, not just calculate variations.
In the following lines I try to examine some critical positions:} 61. Ke4 Re6+
(61... Rc6 $2 62. f5 $1 $18 (62. Ke5 $2 Rc5+ $1 (62... Kf8 $2 63. f5 $18 gxf5
64. gxf5 Rc5+ $140 65. Ke6 Rc6+ 66. Kd7) 63. Kf6 Rc6+ 64. Kg7 Nf5+ $1 65. Kh8
Ne7 66. Qh3 Kf7 {is similar to the game}) 62... gxf5+ 63. gxf5 Rf6 64. Ke5 Rf7
65. Qh6) 62. Kd4 Rc6 63. Ke4 (63. Qg7 Rc5) (63. f5 gxf5 64. gxf5 Rh6 $1) 63...
Rc4+ (63... Re6+ {is good enough but I would like to show that with king on e5
White doesn't win}) 64. Ke5 Rc6 65. f5 gxf5 66. gxf5 Kd7 $1 (66... Rc5+ $2 67.
Kf6 Rc6+ 68. Kg7 $18)) 61... Rc6 62. Qg7 Rc5 63. Ke2 (63. Ke4 Rc4+ $1 (63...
Rc6 $2 64. f5 $18 gxf5+ 65. gxf5 Rc4+ 66. Kd3) 64. Ke5 Rc6 65. f5 $140 gxf5 66.
gxf5 Rc5+ 67. Kf6 Rc6+ 68. Kg5 Rc5) 63... Rc6 64. Kf3 Re6 65. Kg3 Rc6 66. Kh4
Rd6 67. Kg5 Rc6 68. Kh6 Re6 69. Kh7 Rc6 {White's problem is that he can't get
the g7 square for his king. If White moves his queen, Black simply plays Kf8
or Kf7.} 70. Qh8+ Kf7 71. Qd4 Kf8 72. f5 $6 gxf5 $11 73. Qh8+ ({Now White
realized that} 73. gxf5 $4 {even loses due to} Rh6+ $1 $19 (73... Rc5 $2 $11 {
is enough for draw})) 73... Kf7 74. Qg7+ Ke8 75. Qh8+ Kf7 76. Qg7+ 1/2-1/2

[Event "Jakarta Gunadarma"]
[Site "Jakarta"]
[Date "1996.??.??"]
[Round "8"]
[White "Krasenkow, Michal"]
[Black "Gunawan, Ruben"]
[Result "1-0"]
[WhiteElo "2605"]
[BlackElo "2425"]
[Annotator "Baburin,A"]
[PlyCount "63"]
[EventDate "1996.10.15"]
[EventType "tourn"]
[EventRounds "9"]
[EventCountry "INA"]
[EventCategory "13"]
[SourceTitle "CBM 056"]
[Source "ChessBase"]
[SourceDate "1997.02.01"]
[SourceVersion "1"]
[SourceVersionDate "1997.02.01"]
[SourceQuality "1"]

1. d4 Nf6 2. c4 e6 3. Nf3 Bb4+ 4. Nbd2 b6 5. a3 Bxd2+ 6. Bxd2 Bb7 7. Bg5 d6 8.
e3 Nbd7 9. Qc2 h6 10. Bh4 Qe7 11. Rd1 g5 12. Bg3 Ne4 13. d5 Ndf6 14. Nd4 h5 15.
f3 Nxg3 16. hxg3 Rg8 17. e4 g4 18. Kf2 {Here the white monarch feels quite
comfortable - the two pawns on the g-file provide enough protection.} O-O-O 19.
b4 gxf3 20. gxf3 exd5 $6 {Black tries to bring his queen into the attack on
the kingside, but opening the c-file is very risky here.} 21. cxd5 Qe5 22. Rh3
Rg6 $2 {This is far too slow.} (22... h4 23. gxh4) 23. Nb5 Rd7 24. Nxa7+ Kb8
25. Nc6+ Bxc6 26. dxc6 Rd8 27. Qc4 d5 28. Qa6 Nxe4+ 29. fxe4 Rxc6 30. Qe2 Rc3
31. exd5 Qf5+ 32. Kg1 1-0

[Event "Moscow5"]
[Site "Moscow"]
[Date "1995.??.??"]
[Round "11"]
[White "Ivanov, Mikhail M"]
[Black "Kiselev, Sergey"]
[Result "0-1"]
[WhiteElo "2445"]
[BlackElo "2505"]
[Annotator "Baburin,A"]
[PlyCount "56"]
[EventDate "1995.??.??"]
[EventType "tourn"]
[EventRounds "11"]
[EventCountry "RUS"]
[EventCategory "10"]
[SourceTitle "CBM 049"]
[Source "ChessBase"]
[SourceDate "1995.12.01"]
[SourceVersion "1"]
[SourceVersionDate "1995.12.01"]
[SourceQuality "1"]

1. Nf3 Nf6 2. d4 e6 3. g3 d5 4. c4 Bb4+ 5. Bd2 Be7 6. Qc2 c6 7. Bg2 b6 8. O-O
Ba6 9. Ne5 Nfd7 10. Bf4 Nxe5 11. Bxe5 O-O 12. cxd5 cxd5 13. Rc1 Qd7 14. e4 Bb7
15. exd5 Bxd5 16. Bxd5 Qxd5 17. Nc3 Qd7 18. d5 $2 {Here this pawn break in the
centre does not work, as White is not prepared for it. White's pieces are not
very active and in fact after the last move his "centralised" Bishop starts to
cause him trouble.} exd5 19. Rd1 Nc6 20. Rxd5 Qe6 {Now White has difficulties
with protecting his Bishop and Rook at the same time.} 21. Qe4 Bb4 22. f4 Rfe8
23. Rad1 f6 24. f5 Qc8 25. Qc4 Nxe5 26. Qxb4 Qxf5 27. Qf4 Qh5 28. Kg2 Rac8 0-1

[Event "POL-ch 67th"]
[Site "Warsaw"]
[Date "2010.01.15"]
[Round "7"]
[White "Macieja, Bartlomiej"]
[Black "Bartel, Mateusz"]
[Result "1/2-1/2"]
[WhiteElo "2627"]
[BlackElo "2614"]
[Annotator "Bartel,M"]
[PlyCount "100"]
[EventDate "2010.01.09"]
[EventType "swiss"]
[EventRounds "9"]
[EventCountry "POL"]
[SourceTitle "CBM 134 Extra"]
[Source "ChessBase"]
[SourceDate "2010.03.03"]
[SourceVersion "1"]
[SourceVersionDate "2010.03.03"]
[SourceQuality "1"]

1. d4 Nf6 2. c4 e6 3. Nf3 Bb4+ 4. Nbd2 O-O 5. a3 Be7 {This line is not so
common; most players prefer 3...b6 or 4...b6. But in last 2 year this line has
become more popular, even Ivanchuk and Naiditsch have tried this. The main
idea is to get hold of some strong places in the centre, but the cost of
achieving this is a space advantage for White.} 6. e4 d5 7. e5 (7. Bd3 c5 8.
dxc5 dxe4 9. Nxe4 Nxe4 10. Bxe4 Qxd1+ 11. Kxd1 a5 12. Bf4 Bxc5 13. Ke2 f5 14.
Bc2 Nc6 15. Rhd1 a4 16. Kf1 b6 {with a more or less equal position, B. Gelfand
- V. Ivanchuk, Biel 2009.}) 7... Nfd7 8. b4 a5 9. b5 c5 10. Bb2 (10. cxd5 $5
exd5 11. Bd3 {. It's not so obvious if White wants to have his bishop on b2.})
10... cxd4 11. Bxd4 Nc5 12. Be2 Nbd7 13. Qc2 (13. O-O b6 14. cxd5 {1/2, A.
Grischuk - A. Moiseenko, Dagomys 2009.}) 13... b6 14. cxd5 exd5 15. O-O Bb7 {
We can say that the opening is over. Black has achieved all he wanted - a
strong situation in the centre. The square d5 is occupied by a pawn, the
square e4 is controlled by black pieces and some nearby squares like c4, c5,
e6 and also f4 can be used only by Black. On the contrary, White can hardly
make any use of the c6-square.} 16. Rac1 (16. Rfc1 {was probably slightly
better, because the pawn on a3 can be hanging at some points.}) 16... Ne6 17.
Bb2 Rc8 (17... Nf4 {but I wanted to get all my pieces into play first.}) 18.
Qf5 {This move is not dangerous at all, but surely White still wants to show
that he has some advantage.} Ndc5 19. Nd4 {Neccesity, otherwise the d5-pawn
can go forward.} (19. Rfd1 d4 20. Bc4 d3) 19... Nxd4 $6 (19... Bg5 $1 20. f4
Nxd4 21. Bxd4 Ne6 22. Bb2 (22. Be3 $2 Rxc1 23. Rxc1 d4 $1) 22... Rxc1 23. Bxc1
Nd4 24. Qd3 Nxe2+ 25. Qxe2 Be7 {with some advantage for Black. He only needs
to activate his bishop from b7, some sort of transfer via the c8-square comes
into question.}) 20. Bxd4 Ne6 21. Bb2 g6 22. Qg4 h5 (22... d4 {and}) (22... Bg5
) 23. Qg3 Bh4 $5 {The result of the previous move.} 24. Rxc8 Bxc8 25. Qe3 $2 {
This is what I was waiting for! White missed a nice trick, which allows me to
advance the d5-pawn.} (25. Qc3 {but I think my opponent wanted to keep control
over the f4-square.}) 25... d4 $1 26. Qe4 d3 $1 {This is why Black is better
now. The pawn is untouchable, which makes White's life quite tough.} 27. Bf3
Nc5 28. Qd4 Qxd4 29. Bxd4 Be7 $1 {This nice idea combined with exact
calculations leads, from this moment on, pretty well to the endgame, where
White must be very careful.} 30. Nc4 Be6 $1 31. Nxb6 Rb8 32. Nd5 Bxd5 33. Bxd5
Rd8 34. Bxc5 Bxc5 {Now Black will have 2 passed pawns and White is in a
problematic situation. Probably, it's possible to save the game, especially
with engines to help, but over the board it's a hard task.} 35. Bc6 $6 {
This doesn't seem to be the best place for the bishop - the black rook might
exploit this hanging position during the Rd4-c4 route.} Bxa3 36. b6 Bb2 37. b7
Bxe5 38. Rd1 Rd4 $6 (38... d2 39. Kf1 Kf8 40. Ke2 Bc3 41. Rb1 Bb4 42. Kd1 {
with a draw.}) (38... Kf8 39. Kf1 Ke7 40. g3 d2 41. Ke2 Bc3 {and the active
black king makes White's life hard.}) 39. Kf1 (39. f4 $1 Bxf4 40. Kf2 {and the
pawn on d3 will be lost.}) 39... a4 40. Rb1 $4 {The last move before the time
control and the decisive mistake.} (40. Ke1 $1 {, but with few seconds on the
clock it was not easy to calculate everything.} a3 41. Ra1 Rc4 42. Bd5 Bc3+ 43.
Kd1 Rb4 44. Rc1 Be5 45. g3 $1 {The point!} a2 46. Bxa2 Rxb7 47. Bc4 {and White
will easily hold it.}) 40... a3 $3 {After some 20 minutes of calculations I
found a forced way to win. Now White is helpless.} 41. b8=Q+ Bxb8 42. Rxb8+ Kg7
43. Ke1 (43. Rb1 a2 44. Ra1 Rb4 $3) 43... Rc4 44. Ra8 Rxc6 45. Rxa3 Re6+ $4 {
It's hard to understand why I made this move. When I made my 40th move I saw
the winning idea here: Rc1-g1-f1, but for some reason I wanted to play
"better" and I completely missed the simple answer of White. It's even a
bigger shame, because I hade some 40 minutes on the clock and played ...Re6
after some seconds of thinking...} (45... Rc1+ $1 46. Kd2 Rg1 $1 47. g3 Rf1 $1
{and now White has abolutely no hope.} 48. f4 (48. h4 Rxf2+ 49. Ke3 (49. Kxd3
Rf3+) 49... d2 50. Rd3 Rg2 51. Kf3 Rh2) 48... Rf2+ 49. Kd1 (49. Ke3 d2 50. Rd3
Rxh2) (49. Kxd3 Rf3+) 49... Rxh2 50. Rxd3 Kf6 51. Ke1 h4) 46. Kf1 $1 d2 47. Ra1
{It's hard to believe but I forgot about this move...} Kf6 48. Rd1 Rd6 49. Ke2
Ke5 50. Rxd2 Rxd2+ 1/2-1/2